000 00472cam a2200145 4500500
005 20251012005942.0
041 _afre
042 _adc
100 1 0 _aDarbord, Bernard
_eauthor
245 0 0 _aLibros recibidos por Bulletin Hispanique
260 _c2025.
500 _a36
786 0 _nBulletin Hispanique | 127-1 | 1 | 2025-07-24 | p. 419-420 | 0007-4640
856 4 1 _uhttps://shs.cairn.info/revista-bulletin-hispanique-2025-1-page-419?lang=es&redirect-ssocas=7080
999 _c1518436
_d1518436